|
|
|
|
| LEADER |
01260nam a2200313 a 4500 |
| 001 |
12008967 |
| 003 |
BD-DhAAL |
| 005 |
20230709115343.0 |
| 008 |
120725s1998 bg b 000 0 eng d |
| 010 |
|
|
|a 99947785
|
| 020 |
|
|
|a 9847120005
|
| 040 |
|
|
|a DLC
|c DLC
|d DLC
|d BD-DhAAL
|
| 082 |
0 |
0 |
|a 346.549201/34
|2 21
|
| 245 |
0 |
0 |
|a Gender in law /
|c edited by Tahmina Ahmad and Maimul Ahsan Khan.
|
| 250 |
|
|
|a First edition
|
| 260 |
|
|
|a Dhaka :
|b Adtam Pub. House,
|c 1998.
|
| 300 |
|
|
|a 157 pages ;
|c 23 cm.
|
| 504 |
|
|
|a Includes bibliographical references.
|
| 520 |
|
|
|a With reference to Bangladesh.
|
| 541 |
|
|
|a 00025663
|
| 650 |
|
0 |
|a Women (Islamic law)
|z Bangladesh.
|9 25416
|
| 650 |
|
0 |
|a Sex and law
|z Bangladesh.
|9 25417
|
| 700 |
1 |
|
|a Ahmad, Tahmina.
|9 25418
|
| 700 |
1 |
|
|a Khan, Maimul Ahsan
|9 25419
|
| 852 |
1 |
|
|a Ayesha Abed Library
|j General Stacks
|
| 942 |
|
|
|2 ddc
|c BK
|
| 999 |
|
|
|c 12630
|d 12630
|
| 952 |
|
|
|0 0
|1 0
|2 ddc
|4 0
|6 346_549201340000000_GEN
|7 0
|9 9034
|a BRACUL
|b BRACUL
|c GEN
|d 2010-04-07
|l 4
|m 25
|o 346.54920134 GEN
|p 3010007490
|r 2020-02-09
|s 2020-01-28
|t 1
|w 2010-04-07
|y BK
|
| 952 |
|
|
|0 0
|1 0
|2 ddc
|4 0
|6 346_549201340000000_GEN
|7 0
|9 20824
|a BIGD
|b BIGD
|c GEN
|d 2023-07-09
|e BDI
|l 0
|o 346.54920134 GEN
|p 3050025663
|r 2012-07-29
|t 2
|w 2012-07-26
|y BK
|x Transferred from BDI to BIGD.
|